| 000 | 00714nam a2200289Ia 4500 | ||
|---|---|---|---|
| 005 | 20260324123656.0 | ||
| 008 | 008 260324s9999 xx 000 0 eng d | ||
| 020 | _a9781315577395 | ||
| 037 | _aEBOOK | ||
| 040 | _aCRL | ||
| 040 | _beng | ||
| 040 | _cCRL | ||
| 041 | _2eng | ||
| 041 | _aeng | ||
| 084 | _qCRL | ||
| 100 |
_aHenry G. Harder; Thomas Geisen _91171220 |
||
| 245 | 0 | _aDisability Management and Workplace Integration | |
| 245 | 0 | _bInternational Research Findings | |
| 260 | _bTaylor and Francis | ||
| 260 | _c2011 | ||
| 365 | _a | ||
| 365 | _b240 | ||
| 856 | _uhttp://www.taylorfrancis.com/books/9781315577395 | ||
| 942 | _cEBOOK | ||
| 999 |
_c1764947 _d1764947 |
||